000
00339nam a2200145Ia 4500
008
150301s2014 xx 000 0 und d
082
_a
610.7
_b
N14C
100
_a
CHENG, STEVEN
245
_a
NEPHROLOGY SUBSPECIALTY CONSULT
250
_a
3RD
260
_b
WOLTER KLUWER
_c
2014
300
_a
391
650
_a
NEPHROLOGY
942
_2
ddc
_c
BK
999
_c
6854
_d
6854